Roald Dahl or David Walliams - Statistics

General Stats
  • This quiz has been taken 140 times
  • The average score is 11 of 12
Answer Stats
Question Answer % Correct
The BFG Dahl
100%
Matilda Dahl
100%
Because of Winn Dixie Neither
100%
Ratburgur Walliams
100%
Awful Auntie Walliams
100%
Demon Dentist Walliams
100%
George's Marvelous Medicine (British way is Marvellous) Dahl
94%
Number the Stars Neither
94%
Esio Trot (Tortoise) Dahl
89%
Holes Neither
89%
Mr. Stink Walliams
89%
Going Solo Dahl
83%
No matching quizzes found
Score Distribution
Percent of People with Each Score
Percentile by Number Answered
Your Score History
You have not taken this quiz